Normal view
MARC view
- HERTA A. MURPHY
Entry Personal Name
001 - CONTROL NUMBER
- control field: 784
003 - CONTROL NUMBER IDENTIFIER
- control field: NUST
005 - DATE AND TIME OF LATEST TRANSACTION
- control field: 20170515172411.0
008 - FIXED-LENGTH DATA ELEMENTS
- fixed length control field: 170515|| aca||aabn | a|a d
040 ## - CATALOGING SOURCE
- Original cataloging agency: NUST
- Transcribing agency: NUST
100 ## - HEADING--PERSONAL NAME
- Personal name: HERTA A. MURPHY
670 ## - SOURCE DATA FOUND
- Source citation: Work cat.: (NUST)23173: HERTA A. MURPHY, EFFECTIVE BUSINESS COMMUNICATIONS, c1997
